AFL Stadiums used 1990 - 2025 - Statistics

General Stats
  • This quiz has been taken 30 times
  • The average score is 14 of 36
Answer Stats
Games Played First AFL Game Played Last AFL Game Played State Answer % Correct
1562 1990* 2025 VIC MCG
100%
394 1991 2025 QLD Gabba
77%
363 1990* 2025 NSW SCG
77%
275 2011 2025 SA Adelaide Oval
69%
505 1990* 2017 WA Subiaco
69%
1125 2000 2025 VIC Docklands
62%
240 1990* 1999 VIC Waverly Park
58%
438 1991 2013 SA Football Park
54%
168 2018 2025 WA Perth Stadium
50%
220 1990* 2025 QLD Carrara
46%
55 1990* 2000 WA WACA
46%
15 1990* 1991 VIC Windy Hill
46%
1 2025 2025 WA Hands Oval
42%
108 2012 2025 NSW Sydney Showground
42%
289 1990* 2025 VIC Kardinia Park
38%
65 1998 2025 ACT Manuka Oval
38%
6 2023 2025 SA Norwood Oval
38%
242 1990* 2005 VIC Princes Park
38%
94 2001 2025 TAS York Park
38%
42 2012 2025 TAS Bellerive Oval
35%
14 2017 2025 VIC Eureka Stadium
35%
45 1990* 1999 VIC Victoria Park
35%
45 2002 2022 NSW Stadium Australia
31%
11 2014 2025 NT Traeger Park
31%
3 2013 2015 NZ Wellington
31%
24 1990* 1992 VIC Moorabbin Oval
27%
30 2004 2025 NT Marrara Oval
23%
4 1990* 1992 TAS North Hobart
23%
1 2012 2012 NSW Blacktown
19%
14 2011 2022 QLD Cazaly's Stadium
19%
84 1990* 1997 VIC Western Oval
19%
2 2025 2025 SA Barossa Oval
15%
1 1995 1995 ACT Bruce Stadium
15%
3 2023 2024 China Jiangwan Stadium
15%
1 2019 2019 QLD Riverway Stadium
8%
3 2017 2019 SA Summit Sports Park
4%
No matching quizzes found
Score Distribution
Percent of People with Each Score
Percentile by Number Answered
Your Score History
You have not taken this quiz